| 000 | 00451nam a2200157 i 4500 | ||
|---|---|---|---|
| 001 | 135476 | ||
| 003 | ES-MaACL | ||
| 005 | 20230906194906.0 | ||
| 007 | t| | ||
| 008 | 070718s1962 mx ||||1| spa d | ||
| 100 | 1 |
_aToro Garland, Fernando de. _9110688 |
|
| 245 | 1 | 0 |
_aCantos de todas las voces / _cFernando de Toro Garland. |
| 260 |
_aMéxico : _b[Juan Pablos], _c1962. |
||
| 300 |
_a55 p., 3 h. ; _c24 cm. |
||
| 852 |
_aES-MaACL _jC-46682 _bR.71011 |
||
| 999 |
_c135476 _d135476 |
||